| 000 | 02139nam a2200445 c 4500 | ||
|---|---|---|---|
| 001 | 193130 | ||
| 003 | SpMaBN | ||
| 005 | 20251121130606.0 | ||
| 007 | ta | ||
| 008 | 230822s2022 sp a | ||||o000 0 spa | ||
| 017 |
_aM 20431-2022 _bOficina Depósito Legal Madrid |
||
| 020 | _a9788478128372 | ||
| 035 | _aa7184477 | ||
| 040 |
_aSpMaBN _bspa _cSpMaBN _erda _dES-MaACL |
||
| 080 | _a77 Barrios Mufrege, José Miguel (083.824) | ||
| 080 | _a77.03:902(460)(083.824) | ||
| 080 | _a903(620.319 Lúxor)(083.824) | ||
| 100 | 1 |
_aBarrios Mufrege, José Miguel _9234011 |
|
| 245 | 1 | 0 |
_aArqueología canaria en Egipto : _bfotografías de José Miguel Barrios Mufrege en la Tumba Tebana 209, Luxor / _ccomisario, Miguel Ángel Molinero Polo ; textos, Miguel Ángel Molinero Polo |
| 264 | 1 |
_a[Madrid] : _bMuseo de San Isidro, Los Orígenes de Madrid, _c[2022] |
|
| 300 |
_a117 páginas : _bilustraciones (blanco y negro y color), planos (blanco y negro y color) ; _c25 cm |
||
| 336 |
_aTexto _aImagen fija _2rdacontent |
||
| 337 |
_asin mediación _2rdamedia |
||
| 338 |
_avolumen _2rdacarrier |
||
| 500 | _aExposición: Museo de San Isidro. Los Orígenes de Madrid, Madrid, del 14 de julio al 27 de noviembre de 2022 | ||
| 500 | _aCatalogación provisional. Signatura; N 8630. Depósito J. | ||
| 500 | _aVersión digital disponible en: https://www.madrid.es/UnidadesDescentralizadas/MuseosMunicipales/TemploDeDebod/Publicaciones/Cat%C3%A1logos/CATALOGO_Arqred.pdf | ||
| 600 | 0 |
_aBarrios Mufrege, José Miguel- _vExposiciones _9234012 |
|
| 650 | 7 |
_aFotografía en arqueología _zEspaña _vExposiciones _2embne _9234013 |
|
| 650 | 0 |
_aExcavaciones arqueológicas- _zEgipto- _vExposiciones _9234014 |
|
| 655 | 7 |
_aCatálogos de exposiciones _2tgfbne _9193628 |
|
| 700 | 0 |
_aMolinero, Miguel Angel _981999 |
|
| 710 | 2 |
_aMuseo de San Isidro (Madrid) _9172710 |
|
| 852 |
_aES-MaACL _9200445 _jN-8630 _cDEPOJ _zEn proceso |
||
| 942 |
_n0 _cMONOGRAFIA |
||
| 999 |
_c193130 _d193130 |
||